| 000 | 01010nam0a22002891 4500 | ||
|---|---|---|---|
| 001 | rc\3387175 | ||
| 005 | 20250609190117.0 | ||
| 021 |
_aRU _b69-24681 |
||
| 021 |
_aRU _bРг5620-69 |
||
| 035 | _a(NLR Aleph) 007455742 | ||
| 090 |
_a7263736 _c7263736 |
||
| 100 | _a20130115d1969 |||y0rusy50 ca | ||
| 101 | 0 | _arus | |
| 102 | _aRU | ||
| 105 | _ay z ||||| | ||
| 200 | 1 |
_aПеренос энергии с высоких триплетных уровней _fАН СССР. Филиал ордена Ленина Ин-та хим. физики |
|
| 210 |
_aМосква _cБ. и. _d1969 |
||
| 215 |
_a7 с. _cграф. _d21 |
||
| 300 | _aПеред загл. авт.: М.В. Алфиров, И.Г. Батеха, В.А. Смирнов | ||
| 700 | 1 |
_aАлфимов _bМ.В. _f1937- _gМихаил Владимирович |
|
| 701 | 1 |
_aБатеха _bИ.Г. |
|
| 701 | 1 |
_aСмирнов _bВ.А. |
|
| 801 | 0 |
_aRU _bNLR _gpsbo |
|
| 801 | 1 |
_aRU _bELAR _2rusmarc |
|
| 852 |
_aNLR _j69-6/4526 |
||
| 942 | _cBOOK | ||
| 980 | _aNB | ||